00337 2200157 4500001002100000005001500021035002000036245003000056100001700086300000800103260002200111082000800133084001400141990001200155990001200167INLIS00000000000222320250527015346 a0010-05250005151 aMTK Cepat /cBill Handley0 aBill Handley a258 bPakar Raya,c2004 a510 a510 BIL m a0712552 a0712553